00286nam a2200121Ia 4500008004100000041000900041082001900050100002100069245003000090260002800120300000800148650000800156230718s9999 xx 000 0 und d aEng. a364.168bSIM-T aSimpson, Sally S 4athe criminology of futite aPakistanbSpineerc2009 a228 aLaw